Glosario de términos legales

Guardat en:
Dades bibliogràfiques
Autor corporatiu: Poder Judicial. República de Chile (Autor), Comisión Lenguaje Claro (Autor)
Format: Llibre
Idioma:espanyol
Publicat: Santiago Poder Judicial 2015
Santiago Comisión Lenguaje Claro 2015
Edició:1a. ed
Matèries:
Etiquetes: Afegir etiqueta
Sense etiquetes, Sigues el primer a etiquetar aquest registre!

MARC

LEADER 00000cam a2200000 a 4500
001 UCD2498
003 CL-VaPUC
008 160428e20150000cl |||||||||||||||||spa|d
082 0 4 |a 340.03  |b POD  |2 21 
110 2 |a Poder Judicial. República de Chile  |e author  |9 585846 
710 2 |a Comisión Lenguaje Claro  |e author  |9 585847 
245 1 0 |a Glosario de términos legales 
250 |a 1a. ed 
300 |a 57 p 
942 |c BK 
945 |d 20160428 21:50:00  |a arojas 
260 |a Santiago  |b Poder Judicial  |c 2015 
260 |a Santiago  |b Comisión Lenguaje Claro  |c 2015 
500 |a Con la colaboración técnica de la Dirección de Comunicaciones, la Dirección de Asuntos Internacionales y Derechos Humanos de la Corte Suprema y la Dra. Claudia Poblete Olmedo 
650 0 |a Glosarios  |9 261047 
650 7 |a DERECHO  |2 CL-VaPUC  |9 585848 
650 7 |a LEGISLACION  |2 CL-VaPUC  |9 585849 
583 |a last modification  |c 20160428 21:50:00  |k Rodrigo Vera 
999 |c 363660  |d 363658 
952 |0 0  |1 0  |3 erb  |4 0  |6 340_030000000000000_POD_2015_2015  |7 0  |8 F  |9 476286  |a BIBDER  |b BIBDER  |i 5283612  |o 340.03 POD 2015 2015  |p 5283612  |r 2023-01-25  |w 2019-11-24  |y BK_F  |z Catalogado en:20160428  |k DER 
952 |0 0  |1 0  |3 erb  |4 0  |6 340_030000000000000_POD_2015_2015  |7 0  |8 F  |9 476287  |a BIBDER  |b BIBDER  |i 5283620  |o 340.03 POD 2015 2015  |p 5283620  |r 2023-01-25  |w 2019-11-24  |y BK_F  |z Catalogado en:20160428  |k DER